000 00339nam a22001457a 4500
020 _a0856640301
082 _a607.24 WIL
100 _aWilliam,R.
245 _aEuropean Technology
260 _aLondon
_bRoger Williams
_c1973
300 _ax,214p.
_bill,;22cm
500 _aincludes; index
650 _aEuropean Technology
942 _cBK
999 _c17973
_d17973